000 003490000a22001330004500
050 4 _aCD 035
245 1 0 _aHistoria y Teología de la Reforma : Documentos de internet
260 _aMedellín : [S.N.]
001 13603
942 _cBK
999 _c42560
_d42560
336 _atexto
_btxt
_2rdacontent
337 _2rdamedia
_asin mediación
_bn
338 _2rdacarrier
_avolumen
_bnc